Resistance and stability of polymers /

A polymeric material's resistance to different environmental or processing related influences determines its suitability in any number of applications. Reliable information and performance predictions influence material selection. They take a variety of influences into consideration, among them...

Full description

Bibliographic Details
Main Authors: Ehrenstein, Gottfried W. (Gottfried Wilhelm), 1937- (Author), Pongratz, Sonja, 1969- (Author)
Corporate Author: Knovel (Firm)
Format: eBook
Language:English
Published: Munich : Hanser Publishers, 2013.
Subjects:
Online Access:Connect to the full text of this electronic book

MARC

Tag First Indicator Second Indicator Subfields
LEADER 00000cam a2200000 i 4500
001 in00004747113
006 m o d
007 cr cnu---unuuu
008 140123s2013 gw ob 001 0 eng d
005 20231011193258.5
035 |a (OCoLC)ocn868885869 
040 |a OPELS  |b eng  |e rda  |e pn  |c OPELS  |d OCLCO  |d OCLCF  |d OCLCQ  |d N$T  |d SNK  |d INTCL  |d MHW  |d IGB  |d D6H  |d VTS  |d OCLCQ  |d WYU  |d G3B  |d S8J  |d S9I  |d STF  |d EBLCP  |d OCLCQ  |d OCLCO  |d UKAHL  |d OCLCO  |d OCLCQ 
020 |a 9783446437098  |q (electronic bk.) 
020 |a 3446437096  |q (electronic bk.) 
020 |z 9783446416451 
020 |z 3446416455 
035 |a (OCoLC)868885869 
041 1 |a eng  |h ger 
050 4 |a TA455.P58  |b E34513 2013eb 
072 7 |a TP  |2 lcco 
072 7 |a SCI  |x 013040  |2 bisacsh 
082 0 4 |a 547/.7  |2 23 
049 |a TXAM 
100 1 |a Ehrenstein, Gottfried W.  |q (Gottfried Wilhelm),  |d 1937-  |e author. 
240 1 0 |a Beständigkeit von Kunststoffen 
245 1 0 |a Resistance and stability of polymers /  |c Gottfried Ehrenstein, Sonja Pongratz. 
264 1 |a Munich :  |b Hanser Publishers,  |c 2013. 
300 |a 1 online resource 
336 |a text  |b txt  |2 rdacontent 
337 |a computer  |b c  |2 rdamedia 
338 |a online resource  |b cr  |2 rdacarrier 
347 |a data file 
504 |a Includes bibliographical references and index. 
520 |a A polymeric material's resistance to different environmental or processing related influences determines its suitability in any number of applications. Reliable information and performance predictions influence material selection. They take a variety of influences into consideration, among them resin manufacture, compounding, stabilization, processing, part design and end use. 
588 0 |a Print version record. 
650 0 |a Polymers  |x Chemical resistance. 
650 0 |a Stabilizing agents. 
650 6 |a Polymères  |x Résistance chimique. 
650 6 |a Stabilisants. 
650 7 |a stabilizer.  |2 aat 
650 7 |a SCIENCE  |x Chemistry  |x Organic.  |2 bisacsh 
650 7 |a Polymers  |x Chemical resistance.  |2 fast  |0 (OCoLC)fst01070597 
650 7 |a Stabilizing agents.  |2 fast  |0 (OCoLC)fst01131230 
655 7 |a Electronic books.  |2 local 
700 1 |a Pongratz, Sonja,  |d 1969-  |e author. 
710 2 |a Knovel (Firm) 
730 0 |i Translation of (work)  |a Beständigkeit von Kunststoffen. 
776 0 8 |i Print version:  |a Ehrenstein, Gottfried W. (Gottfried Wilhelm), 1937-  |s Beständigkeit von Kunststoffen.  |t Resistance and stability of polymers  |z 9783446416451  |w (DLC) 2013025199  |w (OCoLC)852763576 
856 4 0 |u http://proxy.library.tamu.edu/login?url=https://app.knovel.com/hotlink/toc/id:kpRSP00007/resistance-and-stability?kpromoter=marc  |z Connect to the full text of this electronic book  |t 0 
955 |a Knovel ebooks 
994 |a 92  |b TXA 
999 f f |s ea108d44-3227-47f5-9bf7-be10c57ee8d6  |i f919a61b-7ae3-488b-9682-ccec4e6ed9eb  |t 0 
952 f f |a Texas A&M University  |b College Station  |c Electronic Resources  |d Available Online  |t 0  |e TA455.P58 E34513 2013eb  |h Library of Congress classification 
998 f f |a TA455.P58 E34513 2013eb  |t 0  |l Available Online